Training materials for agricultural planning N41 The implications of the Uruguay agreement on agriculture for developing countries: a training manual

The manual is valuable to agricultural policy analysts in developing countries, as well as trade and macroeconomic policy makers who need to assess th economic and administrative implications of the Agreement on Agriculture.

محفوظ في:
التفاصيل البيبلوغرافية
المؤلف الرئيسي: Stephen Healy
التنسيق: كتاب
اللغة:Undetermined
منشور في: Rome FAO 1997
الموضوعات:
الوسوم: إضافة وسم
لا توجد وسوم, كن أول من يضع وسما على هذه التسجيلة!
Thư viện lưu trữ: Trung tâm Học liệu Trường Đại học Cần Thơ
LEADER 00932nam a2200205Ia 4500
001 CTU_22614
008 210402s9999 xx 000 0 und d
082 |a 330 
082 |b T768/N41 
100 |a Stephen Healy 
245 0 |a Training materials for agricultural planning N41 
245 4 |b The implications of the Uruguay agreement on agriculture for developing countries: a training manual 
245 0 |c Stephen Healy, FAO, Michael Stockbridge, Richard Pearce 
260 |a Rome 
260 |b FAO 
260 |c 1997 
520 |a The manual is valuable to agricultural policy analysts in developing countries, as well as trade and macroeconomic policy makers who need to assess th economic and administrative implications of the Agreement on Agriculture. 
650 |a agriculture and state,economics,training manuals 
904 |i Nguyễn Quang Điền, 980522 
980 |a Trung tâm Học liệu Trường Đại học Cần Thơ